Olympic per capita Medal Table - Statistics

General Stats
  • This quiz has been taken 27 times
  • The average score is 7 of 10
Answer Stats
# of Medals per Million Inhabitants # of Medals Answer % Correct
35.5 205 Denmark
89%
55.1 305 Finland
85%
29.7 160 Norway
85%
50.1 503 Sweden
85%
52.8 511 Hungary
70%
29.5 87 Jamaica
70%
88.6 3 San Marino
63%
35.9 14 Bahamas
44%
32 224 Bulgaria
44%
32 2 Bermuda
22%
No matching quizzes found
Score Distribution
Percent of People with Each Score
Percentile by Number Answered
Your Score History
You have not taken this quiz